ბათუმის შოთა რუსთაველის სახელმწიფო უნივერსიტეტის ბიბლიოთეკა

სამოქალაქო სამართალი (ბიბ.ჩანაწერი № 49374)

000 -LEADER
fixed length control field 00978nam a2200253Ia 4500
001 - CONTROL NUMBER
control field 16291
003 - CONTROL NUMBER IDENTIFIER
control field GE_BSU
008 - FIXED-LENGTH DATA ELEMENTS--GENERAL INFORMATION
fixed length control field 181216s||||||||xx |||||||||||||| ||und||
020 ## - INTERNATIONAL STANDARD BOOK NUMBER
International Standard Book Number ISBN 978-9941-0-2777-2
040 ## - CATALOGING SOURCE
Transcribing agency GE_BSU
080 ## - UNIVERSAL DECIMAL CLASSIFICATION NUMBER
Universal Decimal Classification number 347(042.4)
100 ## - MAIN ENTRY--PERSONAL NAME
Personal name ხარაზი, ია
245 ## - TITLE STATEMENT
Title სამოქალაქო სამართალი
245 ## - TITLE STATEMENT
Remainder of title (ზოგადი დებულებები) : ლექციების კურსი .იურიდ. ფაკ-ტის სტუდენტებისათვის
245 ## - TITLE STATEMENT
Statement of responsibility, etc. რედ. მანანა მოსულიშვილი
260 ## - PUBLICATION, DISTRIBUTION, ETC.
Place of publication, distribution, etc. თბილისი
260 ## - PUBLICATION, DISTRIBUTION, ETC.
Name of publisher, distributor, etc. გეორგიკა
260 ## - PUBLICATION, DISTRIBUTION, ETC.
Date of publication, distribution, etc. 2010.
300 ## - PHYSICAL DESCRIPTION
Extent 368გვ; 20სმ
653 ## - INDEX TERM--UNCONTROLLED
Uncontrolled term სამართალი
653 ## - INDEX TERM--UNCONTROLLED
Uncontrolled term სამოქალაქო სამართალი - ლექციების კურსი;
942 ## - ADDED ENTRY ELEMENTS (KOHA)
Koha item type წიგნი
ეგზემპლარები
Withdrawn status Lost status Damaged status Not for loan Date acquired Barcode Date last seen Price effective from Koha item type
        2018-12-17 40697 2018-12-17 2018-12-17 წიგნი
        2018-12-17 40698 2018-12-17 2018-12-17 წიგნი